Atlético de Madrid Current Squad - Statistics

General Stats
  • This quiz has been taken 24 times
    3 since last reset
  • The average score is 18 of 24
Answer Stats
# Positon Nation Players Name % Correct
9 FW Norway Alexander Sørloth
100%
7 FW France Antoine Griezmann
100%
- Manager Argentina Diego Simeone
100%
20 FW Argentina Giuliano Simeone
100%
13 GK Slovenia Jan Oblak
100%
19 FW Argentina Julián Álvarez
100%
24 DF Spain Robin Le Normand
100%
22 FW Nigeria Ademola Lookman
67%
15 DF France Clément Lenglet
67%
17 DF Slovakia David Hancko
67%
5 MF United States Johnny Cardoso
67%
2 DF Uruguay José María Giménez
67%
1 GK Argentina Juan Musso
67%
6 MF Spain Koke
67%
14 MF Spain Marcos Llorente
67%
18 DF Spain Marc Pubill
67%
3 DF Italy Matteo Ruggeri
67%
16 DF Argentina Nahuel Molina
67%
23 FW Argentina Nicolás González
67%
21 MF Mexico Obed Vargas
67%
8 MF Spain Pablo Barrios
67%
11 MF Argentina Thiago Almada
67%
10 FW Spain Álex Baena
33%
4 MF Spain Rodrigo Mendoza
33%
No matching quizzes found
Score Distribution
Percent of People with Each Score
Percentile by Number Answered
Your Score History
You have not taken this quiz since the last reset